|
|
|
|
| LEADER |
01703nam a2200445 a 4500 |
| 001 |
000009919 |
| 003 |
CZ BrMZK |
| 005 |
20250917094536.0 |
| 007 |
ta |
| 008 |
940722s1994 xr a b 000 j cze d |
| 015 |
|
|
|a cnb000088323
|
| 020 |
|
|
|a 80-901380-4-7
|c 40.00
|
| 040 |
|
|
|a BOA001
|b cze
|
| 072 |
|
7 |
|a 27-4
|x Praktická teologie. Morální teologie
|2 Konspekt
|9 5
|
| 072 |
|
7 |
|a 0/9-053.2
|x Literatura pro děti a mládež (naučná)
|2 Konspekt
|9 26
|
| 080 |
|
|
|a 27-4
|2 MRF
|
| 080 |
|
|
|a 27-58-053.2
|2 MRF
|
| 080 |
|
|
|a 27-47
|2 MRF
|
| 080 |
|
|
|a (0.053.2)
|2 MRF
|
| 080 |
|
|
|a (0:82-322.2)
|2 MRF
|
| 100 |
1 |
|
|a Korbel, Josef,
|d 1907-2002
|7 jn20000728308
|
| 245 |
1 |
0 |
|a Ranní rosa :
|b Řada pravdivých příběhů ze života dětí, upravených k využití pro domácí pobožnosti s dětmi a mladými lidmi /
|c Čes. překl. Henrietta Hierwegová ; Ilustr. v textu Jaromír Hierweg
|
| 250 |
|
|
|a 1. vyd.
|
| 260 |
|
|
|a Praha :
|b Exact Service,
|c 1994
|
| 300 |
|
|
|a 135 s. :
|b obr.
|
| 650 |
0 |
7 |
|a křesťanský život
|7 ph122132
|2 czenas
|
| 650 |
0 |
7 |
|a dětská spiritualita
|7 ph513610
|2 czenas
|
| 650 |
0 |
7 |
|a křesťanská výchova
|7 ph122115
|2 czenas
|
| 650 |
0 |
9 |
|a Christian life
|2 eczenas
|
| 650 |
0 |
9 |
|a children's spirituality
|2 eczenas
|
| 650 |
0 |
9 |
|a Christian education
|2 eczenas
|
| 655 |
|
7 |
|a náboženské příběhy
|7 fd653708
|2 czenas
|
| 655 |
|
7 |
|a publikace pro děti
|7 fd133156
|2 czenas
|
| 655 |
|
9 |
|a religious stories
|2 eczenas
|
| 655 |
|
9 |
|a children's literature
|2 eczenas
|
| 700 |
1 |
|
|a Hierweg, Jaromír
|
| 700 |
1 |
|
|a Hierwegová, Henrietta
|
| 910 |
|
|
|a BOA001
|b 2-1001.131
|
| 990 |
|
|
|a BK
|
| 996 |
6 |
|
|b 2610010880
|c 2-1001.131
|l MZK
|r Sklad / do 1 hodiny
|n 1
|p p.v.
|w 000009919
|u 000010
|a 1
|e BOA001
|j MZK50
|s P
|